| Tag |
First Indicator |
Second Indicator |
Subfields |
| LEADER |
00000cas a2200000Ia 4500 |
| 001 |
in00000001398 |
| 005 |
20151007050425.0 |
| 007 |
he bmu---bucu |
| 008 |
980917c19989999dcuar b f0 0eng d |
| 035 |
|
|
|a (OCoLC)ocm41292437
|
| 035 |
|
|
|9 AJB3020AM
|
| 040 |
|
|
|a GZM
|c GZM
|d OCL
|d XBM
|d OCL
|d TXA
|d UtOrBLW
|
| 049 |
|
|
|a TXAM
|
| 086 |
0 |
|
|a Y 3.EL 2/3:14-2
|
| 090 |
|
|
|a JK1991
|b .C645
|
| 245 |
0 |
0 |
|a Combined federal/state disclosure and election directory /
|c prepared and published by the Federal Election Commission.
|
| 264 |
|
1 |
|a Washington, D.C. :
|b The Commission,
|c 1998-
|
| 300 |
|
|
|a volumes ;
|c 28 cm.
|
| 310 |
|
|
|a Annual
|
| 336 |
|
|
|a text
|b txt
|2 rdacontent
|
| 337 |
|
|
|a microform
|b h
|2 rdamedia
|
| 338 |
|
|
|a microfiche
|b he
|2 rdacarrier
|
| 362 |
0 |
|
|a 1998-
|
| 500 |
|
|
|a Shipping List #: 98-1008-M
|
| 500 |
|
|
|a Shipping List Date: 09/14/98
|
| 533 |
|
|
|a Microfiche.
|b Washington, D.C. :
|c Supt. of Docs.,
|e microfiches : negative.
|
| 500 |
|
|
|a Microform.
|
| 650 |
|
0 |
|a Campaign funds
|z United States
|v Directories.
|
| 650 |
|
0 |
|a Elections
|z United States
|v Directories.
|
| 650 |
|
0 |
|a Lobbyists
|z United States
|v Directories.
|
| 650 |
|
0 |
|a Administrative agencies
|z United States
|v Directories.
|
| 710 |
1 |
|
|a United States.
|b Federal Election Commission.
|
| 780 |
0 |
0 |
|t Combined federal/state disclosure directory
|w (DLC) 88656028
|w (OCoLC)15713385
|
| 856 |
4 |
1 |
|u http://www.fec.gov/pubrec/cfsdd.htm
|t 0
|
| 994 |
|
|
|a E0
|b TXA
|
| 999 |
|
|
|a MARS
|
| 999 |
f |
f |
|s cef03417-e56d-3ca2-8603-5c63fdec3a47
|i 00abda9a-03de-3798-b8ab-2a77d08b5c07
|t 0
|
| 952 |
f |
f |
|p serial
|a Texas A&M University
|b College Station
|c Sterling C. Evans Library
|d Evans: US Documents Microfiche (3rd floor)
|t 0
|e Y 3.EL 2/3:14-2/
|h Superintendent of Documents classification
|i microform -- microfiche
|k 2000
|m A14826617644
|
| 952 |
f |
f |
|a Texas A&M University
|b College Station
|c Electronic Resources
|d Available Online
|t 0
|e Y 3.EL 2/3:14-2/
|h Superintendent of Documents classification
|
| 998 |
f |
f |
|a Y 3.EL 2/3:14-2/
|s 2000
|t 0
|l Evans: US Documents Microfiche (3rd floor)
|
| 998 |
f |
f |
|a Y 3.EL 2/3:14-2/
|t 0
|l Available Online
|